| 000 | 00658nam a22001937a 4500 | ||
|---|---|---|---|
| 999 |
_c169578 _d169578 |
||
| 005 | 20191125155911.0 | ||
| 010 | _aENG-127009 | ||
| 020 |
_a9788193337905 _c250.00 |
||
| 035 | _aEN-110541 | ||
| 037 | _bDBAD/PUB | ||
| 082 | _a954.83 | ||
| 100 | _aHarishankar, B.S. | ||
| 245 |
_aPattanam : _cby B.S. Harishankar _bconstructs, contexts and interventions / |
||
| 260 |
_aThiruvananthapuram _c2017 _bBharatheeya Vichara Kendram |
||
| 270 |
_asamskrithi, bhavan, statue, _bThiruvananthapuram _e695001 _k0471 2461567 _mvicharakendram@gmail.com |
||
| 300 |
_a124p. _c23cm(pbk) |
||
| 500 | _aincludes references | ||
| 942 |
_2ddc _cEN _h954.83 _mHAR |
||